German Mini IRP: Key Words and Phrases 2 - Statistics

General Stats
  • This quiz has been taken 5 times
  • The average score is 2 of 25
Answer Stats
Answer Hint % Correct
Berlin Berlin
80%
Bayern Bavaria
40%
Bremen Bremen
40%
Saarland Saarland
40%
Schulkinder School children
20%
amtlichen Statistik Official Statistics
0%
Anti-Gesichtsverhüllungsgesetz Anti-Face-Covering Act
0%
Art. 4 des Grundgesetzes Article 4 of the Basic Law
0%
Baden-Württemberg Baden-Wurttemberg
0%
Bundespräsident(in) Federal President
0%
Bundesverfassungsgericht Federal Constitutional Court
0%
das Bildungssystem Education system
0%
das Grundgesetz Constitution (basic law)
0%
das Verbot Ban
0%
der Bundestag German Parliament
0%
die Angelegenheit Matter/issue
0%
die Polizei Police
0%
die Religionsfreiheit Freedom of religion
0%
die Verfassung Constitution (general)
0%
Hessen Hesse
0%
kurdisch Kurdish
0%
Niedersachsen Lower Saxony
0%
Nordrhein-Westfalen North Rhine-Westphalia
0%
Polizist(in) Police Officer
0%
Staatsangestellten State worker
0%
No matching quizzes found
Score Distribution
Percent of People with Each Score
Percentile by Number Answered
Your Score History
You have not taken this quiz